Normal view
MARC view
- Ballantyne.R.M
Entry Personal Name
001 - CONTROL NUMBER
- control field: 3002
003 - CONTROL NUMBER IDENTIFIER
- control field: OSt
005 - DATE AND TIME OF LATEST TRANSACTION
- control field: 20170302113014.0
008 - FIXED-LENGTH DATA ELEMENTS
- fixed length control field: 170302|| aca||aabn | a|a d
040 ## - CATALOGING SOURCE
- Original cataloging agency: OSt
100 ## - HEADING--PERSONAL NAME
- Personal name: Ballantyne.R.M